Logo Biblioteca

25 antenas : (Registro nro. 595)

Detalles MARC
000 -LEADER
fixed length control field 01189nam a22002297a 4500
003 - CONTROL NUMBER IDENTIFIER
control field OSt
005 - DATE AND TIME OF LATEST TRANSACTION
control field 20250922125301.0
008 - FIXED-LENGTH DATA ELEMENTS--GENERAL INFORMATION
fixed length control field 250922t2017 ag ||||r|||| 00| p spa d
020 ## - INTERNATIONAL STANDARD BOOK NUMBER
International Standard Book Number 978-987-1912-71-1
040 ## - CATALOGING SOURCE
Transcribing agency Besoc
080 ## - UNIVERSAL DECIMAL CLASSIFICATION NUMBER
Authority record control number or standard number 82-1(8)
245 00 - TITLE STATEMENT
Title 25 antenas :
Remainder of title poesía hispanoamericana /
Statement of responsibility, etc. selección, edición y prólogo, Bernardo Orge.
246 13 - VARYING FORM OF TITLE
Title proper/short title Veinticinco antenas :
Remainder of title poesía hispanoamericana.
250 ## - EDITION STATEMENT
Edition statement 1a ed.
260 ## - PUBLICATION, DISTRIBUTION, ETC.
Place of publication, distribution, etc. Rosario :
Name of publisher, distributor, etc. Editorial Municipal de Rosario ;
-- Centro Cultural Parque de España,
Date of publication, distribution, etc. 2017.
300 ## - PHYSICAL DESCRIPTION
Extent 292 p. ;
Dimensions 21 cm.
505 0# - FORMATTED CONTENTS NOTE
Formatted contents note Escriben: Hugo Padelleti ; Marosa Di Giorgio ; Antonio Cisneros ; Humberto Ak'Abal ; Circe Maia ; Joaquín O. Giannuzzi ; Elvira Hernández ; Edwin Madrid ; Gonzalo Millán ; Carmen Ollé ; Carlos Germán Belli ; Elder Silva ; María Auxiliadora Álvarez ; Fabio Morábito ; Marilyn Contardi ; José Kozer ; Victor Gaviria ; Joaquín Morales ; Igor Barreto ; José Ángel Cuevas ; Carola Brantome ; Raúl Zurita ; Roberto Appratto ; Teresa Calderón y A. Morales Cruz.
650 #4 - SUBJECT ADDED ENTRY--TOPICAL TERM
Topical term or geographic name entry element Literatura
Geographic subdivision Hispanoamericana
655 #4 - INDEX TERM--GENRE/FORM
Genre/form data or focus term Poesía
700 1# - ADDED ENTRY--PERSONAL NAME
Personal name Orge, Bernardo,
Dates associated with a name 1988-
Relator term editor
942 ## - ADDED ENTRY ELEMENTS (KOHA)
Source of classification or shelving scheme Universal Decimal Classification
Koha item type Libro de préstamo a domicilio
Suppress in OPAC No
Existencias
Withdrawn status Lost status Source of classification or shelving scheme Damaged status Not for loan Collection Home library Current library Date acquired Source of acquisition Total checkouts Full call number Barcode Date last seen Price effective from Koha item type
    Universal Decimal Classification     Colección General Biblioteca Escuela de Ciencias Sociales Biblioteca Escuela de Ciencias Sociales 22/09/2025 Donación 2025   82-1(8) V427 001443 22/09/2025 22/09/2025 Libro de préstamo a domicilio
Biblioteca de la Escuela Preuniversitaria en Ciencias Sociales y Humanísticas.
Riobamba 250 bis.
CP 2000 - Rosario - Santa Fe
E-Mail: biblioteca@esociales.unr.edu.ar